|
|
|
|
| LEADER |
00000nam a22000007a 4500 |
| 008 |
190205b2000 cr ||||| |||| 00| 0 spa d |
| 999 |
|
|
|c 3626
|d 3626
|
| 090 |
|
|
|a Tesis # 24
|
| 100 |
|
|
|9 4429
|a Flansburg, Sundra
|
| 245 |
1 |
4 |
|a Los derechos reproductivos y sexuales: concepciones de algunas mujeres costarricenses /
|c Sundra Flansburg
|
| 260 |
|
|
|a Costa Rica :
|b S. Flansburg,
|c 2000
|
| 300 |
|
|
|a 164 páginas
|
| 502 |
|
|
|a Tesis (magíster scientiae en estudios de la mujer)--Universidad de Costa Rica. Universidad Nacional. Sistema de Estudios de Posgrado, 2000
|
| 650 |
|
0 |
|9 84
|a DERECHOS DE LA MUJER
|
| 650 |
|
0 |
|9 4430
|a REPRODUCCIÓN HUMANA
|
| 650 |
|
0 |
|9 62
|a SALUD REPRODUCTIVA
|
| 650 |
|
0 |
|9 4431
|a ROL SEXUAL
|
| 942 |
|
|
|i 001422
|h Tesis # 24
|2 z
|c 02
|